000 01389 a2200241 4500
001 53046
005 20260407155804.0
008 260407a2003 arg spa d
003 AR-UNSa-BCEJYS
040 _aAR-UNSa-BCEJYS
_bspa
_cAR-UNSa-BCEJYS
080 _a330.4
_xEconomía matemática
245 1 0 _aMétodos dinámicos en economía
_potra búsqueda del tiempo perdido
020 _a970-686-247-1
264 1 _aMéxico :
_bThomson Learning
_c2003
300 _axix, 544 p.
_c23 cm.
505 _a1. En defensa de los modelos matemáticos - 2. Ecuaciones diferenciales y dinámica contínua - 3. Ecuaciones no lineales de primer orden - 4. Sistemas de ecuaciones diferenciales lineales - 5. Análisis cualitativo - 6. Conceptos básicos de dinámica discreta - 7. Sistemas de ecuaciones diferenciales lineales - 8. Ecuaciones en diferencias estocásticas - 9. Optimización estática - 10. La mano invisible - 11. Introducción al cálculo de variaciones - 12. Teoría del control - 13. Problemas de control con restricciones - 14. Elementos de programación dinámica - 15. El campo de números complejos
041 _aspa
942 _cBK
590 _aniveau_biblio:m niveau_hierar:0
100 1 _aLomelí Ortega, Héctor E.
700 1 _aRumbos Pellicer, Irma Beatriz
856 4 1 _uhttps://www.biblioeco.unsa.edu.ar/pmb/images/libros/L128423.jpg
_yImagen de portada
_qimage/jpeg
999 _c5055
_d5055